01013nam a2200253 u 45000010006000000050017000060080041000230350010000640350021000740400013000950410008001080820008001161000043001242450052001672500010002192600043002293000007002726500067002799420009003469990017003559520128003729520128005009520131006283697820260504075012.0960313s1982 spa  a36978 a(OCoLC)503290359 ccomduadb aspa 4a86010aDiaz Acosta, America4auteaut925602610aPanorama historico literario de nuestra america a01.ED aCuba :bCasa de las Américas,c1982. a2V 7aLiteratura latinoamericanaxHistoria y crítica2lemb9173977 cBOOK c44667d44667 001040708LILATaBCbBCd1998-05-11iC62985l0oH860.09 P195 v1p61000002819312r2023-04-21 00:00:00t1w2023-04-21yBOOK 001040708LILATaBCbBCd1998-05-11iC62987l0oH860.09 P195 v2p61000002819726r2023-04-21 00:00:00t2w2023-04-21yBOOK 001040708LILATaBCbBCd1998-05-11iC62988l0oH860.09 P195 v2 e2p61000002198964r2023-04-21 00:00:00t3w2023-04-21yBOOK